000 00904nam a2200229 i 4500
001 23054
003 ES-MaACL
005 20250727090710.0
007 t|
008 021209s1949 sp ||||1| spa d
100 1 _aAlvar, Manuel,
_d1923-2001
_920583
245 1 0 _aToponimia del alto valle del río Aragón /
_cManuel Alvar.
260 _aZaragoza :
_bInstituto de Estudios Pirenaicos,
_c1949 (
_fHeraldo de Aragón)
300 _a111 p. ;
_c24 cm.
490 1 _aMonografías del Instituto de Estudios Pirenaicos. Filología ;
_v4
500 _aPrecede al tít.: Consejo Superior de Investigaciones Científicas.
710 2 _aConsejo Superior de Investigaciones Científicas (España)
_93236
710 2 _aInstituto de Estudios Pirenaicos.
_94922
830 0 0 _aMonografías del Instituto de Estudios Pirenaicos
_v4
_9229257
852 _aES-MaACL
_j1914-F-4
999 _c23054
_d23054